[Event "San Francisco Smyslov Memorial"]
[Site "San Francisco"]
[Date "2010.??.??"]
[Round "1"]
[White "Liou, Yian"]
[Black "Zavadsky, Peter"]
[Result "1-0"]
[WhiteElo "2222"]
[BlackElo "2275"]
[PlyCount "95"]
[EventDate "2010.06.15"]
[EventType "tourn"]
[EventRounds "9"]
[EventCountry "USA"]
[EventCategory "3"]
[SourceTitle "EXT 2011"]
[Source "ChessBase"]
[SourceDate "2010.11.26"]
[SourceVersion "1"]
[SourceVersionDate "2010.11.26"]
[SourceQuality "1"]

1. e4 e5 2. Nf3 Nc6 3. Bb5 a6 4. Ba4 Nf6 5. 0-0 Be7 6. Re1 b5 7. Bb3 0-0 8. a4 Bb7 9. d3 d6 10. Nbd2 Na5 11. Ba2 c5 12. Nf1 Bc8 13. Bd2 b4 14. Ne3 Rb8 15. Bc4 Nxc4 16. Nxc4 Be6 17. b3 Ne8 18. Qc1 Bg4 19. Re3 f5 20. exf5 Rxf5 21. Ne1 Bh4 22. f3 Qf6 23. Re4 Bh5 24. Ne3 Bxe1 25. Qxe1 Bg6 26. Nxf5 Bxf5 27. Re2 Nc7 28. Rc1 h6 29. f4 exf4 30. Bxf4 Bxd3 31. Be5 dxe5 32. cxd3 Qd6 33. Rxe5 Qxd3 34. Re7 Nd5 35. Rd7 Qf5 36. Qg3 Qxd7 37. Qxb8+ Kh7 38. Qe5 Nc3 39. Rf1 Qd3 40. Qf5+ Qxf5 41. Rxf5 Nxa4 42. bxa4 b3 43. Rf8 c4 44. Rb8 Kg6 45. Kf2 Kf5 46. Ke3 Ke5 47. Kd2 Kd4 48. Rd8+ 1-0

[Event "San Francisco Smyslov Memorial"]
[Site "San Francisco"]
[Date "2010.??.??"]
[Round "8"]
[White "Naroditsky, Daniel"]
[Black "Zavadsky, Peter"]
[Result "1/2-1/2"]
[WhiteElo "2381"]
[BlackElo "2275"]
[PlyCount "110"]
[EventDate "2010.06.15"]
[EventType "tourn"]
[EventRounds "9"]
[EventCountry "USA"]
[EventCategory "3"]
[SourceTitle "EXT 2011"]
[Source "ChessBase"]
[SourceDate "2010.11.26"]
[SourceVersion "1"]
[SourceVersionDate "2010.11.26"]
[SourceQuality "1"]

1. e4 e5 2. Nf3 Nc6 3. Bb5 a6 4. Ba4 Nf6 5. d3 b5 6. Bb3 Be7 7. c3 0-0 8. Nbd2 d6 9. 0-0 Na5 10. Bc2 c5 11. Re1 Be6 12. Nf1 Nc6 13. Ng3 Qc7 14. Ng5 Bg4 15. f3 Bd7 16. f4 Bg4 17. Nf3 exf4 18. Bxf4 Ne5 19. d4 cxd4 20. cxd4 Ng6 21. Be3 Nh5 22. Nxh5 Bxh5 23. Bd3 Qb7 24. Qd2 Nh4 25. Nxh4 Bxh4 26. Bf2 Bxf2+ 27. Qxf2 Bg6 28. d5 Rac8 29. Rac1 Rc7 30. Rxc7 Qxc7 31. Qe3 Rc8 32. a3 h6 33. Re2 Qe7 34. Rc2 Rxc2 35. Bxc2 Qe5 36. Qc3 Qf4 37. g3 Qc1+ 38. Kg2 Kh7 39. h4 h5 40. g4 Qf4 41. Qf3 Qe5 42. gxh5 Bxh5 43. Qc3 f6 44. Qxe5 fxe5 45. Bd3 Bd1 46. b4 Kh6 47. Kg3 Kh5 48. Bf1 Bg4 49. Bd3 Bd1 50. Bf1 Bg4 51. Bg2 g5 52. hxg5 Kxg5 53. Bf1 Bd7 54. Be2 Bc8 55. Bf3 Bd7 1/2-1/2

[Event "Las Vegas National op"]
[Site "Las Vegas"]
[Date "2006.06.17"]
[Round "4"]
[White "Sevillano, Enrico"]
[Black "Zavadsky, Peter"]
[Result "1-0"]
[WhiteElo "2472"]
[BlackElo "2283"]
[PlyCount "119"]
[EventDate "2006.06.16"]
[EventType "swiss"]
[EventRounds "6"]
[EventCountry "USA"]
[SourceTitle "CBM 112 Extra"]
[Source "ChessBase"]
[SourceDate "2006.07.14"]
[SourceVersion "1"]
[SourceVersionDate "2006.07.14"]
[SourceQuality "1"]

1. e4 c5 2. c3 d5 3. exd5 Qxd5 4. d4 Nf6 5. Nf3 Bg4 6. Be2 e6 7. h3 Bh5 8. 0-0 Nc6 9. Be3 cxd4 10. Nxd4 Bxe2 11. Qxe2 Nxd4 12. Bxd4 Be7 13. Rd1 Qc6 14. Nd2 0-0 15. Nf3 Rfd8 16. Rd3 a6 17. Re1 Rac8 18. Ne5 Qc7 19. Rg3 Bc5 20. Qf3 Kf8 21. Bxc5+ Qxc5 22. Qxb7 Rc7 23. Qxa6 Rd2 24. Nd3 Qd5 25. Qa3+ Kg8 26. Ne5 g6 27. c4 Qd4 28. Rf3 Kg7 29. Rxf6 Kxf6 30. Qg3 Qd8 31. Ng4+ Kg7 32. Qe5+ Kf8 33. Qh8+ Ke7 34. Qf6+ Ke8 35. Qf4 Rd4 36. Nf6+ Kf8 37. Qh6+ Ke7 38. Nd5+ Rxd5 39. cxd5 Qxd5 40. Qh4+ Kf8 41. Qxh7 Qd4 42. Qh6+ Kg8 43. Rc1 Rc2 44. Rxc2 Qd1+ 45. Kh2 Qxc2 46. Qe3 Qxb2 47. Qa7 e5 48. a4 e4 49. h4 Qe5+ 50. g3 Kg7 51. a5 e3 52. fxe3 Qb2+ 53. Kh3 Qc1 54. Qd4+ Kh7 55. Kg2 Qc2+ 56. Kf3 Qb1 57. Qc4 Qd1+ 58. Ke4 f5+ 59. Ke5 Qa1+ 60. Kd6 1-0

[Event "Berkeley Masters op"]
[Site "Berkeley"]
[Date "2005.12.23"]
[Round "9"]
[White "Zavadsky, Peter"]
[Black "Stein, Alan R"]
[Result "1-0"]
[WhiteElo "2268"]
[BlackElo "2422"]
[PlyCount "77"]
[EventDate "2005.12.17"]
[EventType "swiss"]
[EventRounds "9"]
[EventCountry "USA"]
[SourceTitle "CBM 109 Extra"]
[Source "ChessBase"]
[SourceDate "2006.01.03"]
[SourceVersion "2"]
[SourceVersionDate "2006.01.03"]
[SourceQuality "1"]

1. e4 e5 2. Nf3 Nc6 3. Bb5 a6 4. Ba4 Nf6 5. 0-0 Be7 6. Re1 b5 7. Bb3 d6 8. c3 0-0 9. h3 Bb7 10. d4 Re8 11. Nbd2 Bf8 12. a4 h6 13. Bc2 Qd7 14. d5 Ne7 15. Nf1 c6 16. dxc6 Bxc6 17. Ng3 Ng6 18. Nh2 d5 19. Ng4 Nxg4 20. hxg4 d4 21. cxd4 exd4 22. g5 hxg5 23. Bxg5 Ne5 24. Nf5 d3 25. Bb3 Bxe4 26. Nxg7 Bxg7 27. Rxe4 Qf5 28. Bd5 Qxg5 29. f4 Qg6 30. fxe5 Rad8 31. Qxd3 Bxe5 32. Rf1 Rxd5 33. Qxd5 Bh2+ 34. Kxh2 Rxe4 35. Rf3 Rxa4 36. Rh3 Kg7 37. Qe5+ f6 38. Qc7+ Kg8 39. Rg3 1-0

[Event "Berkeley Masters op"]
[Site "Berkeley"]
[Date "2005.12.20"]
[Round "6"]
[White "Zavadsky, Peter"]
[Black "Pruess, David"]
[Result "0-1"]
[WhiteElo "2268"]
[BlackElo "2400"]
[PlyCount "58"]
[EventDate "2005.12.17"]
[EventType "swiss"]
[EventRounds "9"]
[EventCountry "USA"]
[SourceTitle "CBM 109 Extra"]
[Source "ChessBase"]
[SourceDate "2006.01.03"]
[SourceVersion "2"]
[SourceVersionDate "2006.01.03"]
[SourceQuality "1"]

1. e4 c6 2. d4 d5 3. exd5 cxd5 4. c4 Nf6 5. Nc3 e6 6. cxd5 Nxd5 7. Nf3 Bb4 8. Bd2 Nc6 9. Bd3 0-0 10. 0-0 Be7 11. Be3 Nf6 12. a3 b6 13. Re1 Bb7 14. Bc2 Rc8 15. Bg5 g6 16. Qd3 Na5 17. Ne5 Nd5 18. Bh6 Bg5 19. Bxf8 Nf4 20. Qg3 Nxg2 21. Bb4 Bh4 22. Qh3 Qxd4 23. Re3 Nc4 24. Nf3 Bxf2+ 25. Kxg2 Nxe3+ 26. Kxf2 Nd1+ 27. Ke1 Qf2+ 28. Kxd1 Bxf3+ 29. Kc1 Qe1+ 0-1

[Event "San Francisco Capps Memorial"]
[Site "San Francisco"]
[Date "2005.11.05"]
[Round "1"]
[White "Salvo, Tab"]
[Black "Zavadsky, Peter"]
[Result "0-1"]
[WhiteElo "1712"]
[BlackElo "2202"]
[PlyCount "116"]
[EventDate "2005.11.05"]
[EventType "swiss"]
[EventRounds "6"]
[EventCountry "USA"]
[SourceTitle "EXT 2007"]
[Source "ChessBase"]
[SourceDate "2006.11.23"]
[SourceVersion "1"]
[SourceVersionDate "2006.11.23"]
[SourceQuality "1"]

1. Nf3 d5 2. c4 c6 3. b3 Bg4 4. g3 Bxf3 5. exf3 Nf6 6. Bg2 Nbd7 7. Bb2 e6 8. 0-0 Bd6 9. d4 0-0 10. c5 Bc7 11. f4 b6 12. b4 a5 13. a3 b5 14. Nd2 Qb8 15. Re1 Qb7 16. Qc2 Rfe8 17. Nf3 Ne4 18. Ne5 Nef6 19. Bf3 Nf8 20. Kg2 Ng6 21. h4 Ra6 22. h5 Ne7 23. g4 Rea8 24. Bc3 axb4 25. axb4 Bxe5 26. fxe5 Ne4 27. Rxa6 Rxa6 28. Bxe4 dxe4 29. Rxe4 Qa8 30. Re2 Nd5 31. Bd2 Ra2 32. Qe4 Qa4 33. Bg5 Rxe2 34. Qxe2 Nxb4 35. h6 Qa2 36. Qf3 Qd5 37. hxg7 Kxg7 38. Qxd5 Nxd5 39. Kf1 Kg6 40. Bd2 f6 41. Ke2 f5 42. f3 h5 43. gxh5+ Kxh5 44. Kf2 Kh4 45. Be1 Kh3 46. Bd2 b4 47. Ke2 Kg2 48. f4 Kg3 49. Kd3 b3 50. Bc1 Kf3 51. Kc4 Ke4 52. Ba3 Nxf4 53. Kxb3 Kxd4 54. Bb2+ Kxc5 55. Kc2 Kd5 56. Kd2 Ng6 57. Ke3 Nxe5 58. Kf2 Nd3+ 0-1